PISA 2009 results: Overcoming social background equity in learning opportunities and outcomes

Salvato in:
Dettagli Bibliografici
Ente Autore: Programme for International Student Assessment (OECD)
Natura: Libro
Lingua:inglese
Pubblicazione: Paris OECD 2010
Soggetti:
Tags: Aggiungi Tag
Nessun Tag, puoi essere il primo ad aggiungerne!!

MARC

LEADER 00000nam$a2200000$$$4500
001 0126939
005 20221108071355.8
020 |a 978-92-64-09146-7 
041 0 |a eng 
044 |a FR 
245 1 0 |a PISA 2009 results: Overcoming social background  |b equity in learning opportunities and outcomes 
264 1 |a Paris  |b OECD  |c 2010 
300 |a 220 s. 
610 2 0 |a študenti 
610 2 0 |a školy 
610 2 0 |a vzdelávanie 
610 2 0 |a vyučovanie 
610 2 0 |a podmienky sociálne 
610 2 0 |a ukazovatele 
610 2 0 |a údaje štatistické 
610 2 0 |a porovnanie medzinárodné 
610 2 0 |a projekty medzinárodné 
710 2 |a Programme for International Student Assessment (OECD)